Practitioner research and professional development in education / (Record no. 3239)
[ view plain ]
| 000 -LEADER | |
|---|---|
| fixed length control field | 00704nam a22002172 4500 |
| 001 - CONTROL NUMBER | |
| control field | 0000007523 |
| 005 - DATE AND TIME OF LATEST TRANSACTION | |
| control field | 20151217145839.0 |
| 008 - FIXED-LENGTH DATA ELEMENTS--GENERAL INFORMATION | |
| fixed length control field | 080212s xx 000 0 eng d |
| 020 ## - INTERNATIONAL STANDARD BOOK NUMBER | |
| International Standard Book Number | 0761974687 : |
| Terms of availability | KES |
| 040 ## - CATALOGING SOURCE | |
| Original cataloging agency | KABU |
| Transcribing agency | KABU |
| 100 1# - MAIN ENTRY--PERSONAL NAME | |
| Personal name | Campbell, Anne. |
| -- | 0000158783 |
| 245 10 - TITLE STATEMENT | |
| Title | Practitioner research and professional development in education / |
| Statement of responsibility, etc. | Anne Campbell, Olwen McNamara and Peter Gilroy. |
| 260 ## - PUBLICATION, DISTRIBUTION, ETC. (IMPRINT) | |
| Place of publication, distribution, etc. | London : |
| Name of publisher, distributor, etc. | Paul Chapman, |
| Date of publication, distribution, etc. | 2004. |
| 300 ## - PHYSICAL DESCRIPTION | |
| Extent | xii, 226 p. |
| 650 #0 - SUBJECT ADDED ENTRY--TOPICAL TERM | |
| Topical term or geographic name as entry element | Education Research. |
| -- | 0000158784 |
| 700 1# - ADDED ENTRY--PERSONAL NAME | |
| Personal name | McNamara, Olwen. |
| -- | 0000158785 |
| 700 1# - ADDED ENTRY--PERSONAL NAME | |
| Personal name | Gilroy, Peter. |
| -- | 0000158786 |
| 908 ## - PUT COMMAND PARAMETER (RLIN) | |
| Put command parameter | 080212 |
| 950 ## - LOCAL HOLDINGS (RLIN) | |
| -- | 1 |
| Withdrawn status | Lost status | Source of classification or shelving scheme | Not for loan | Home library | Current library | Date acquired | Total Checkouts | Full call number | Barcode | Date last seen | Date last checked out | Price effective from | Koha item type |
|---|---|---|---|---|---|---|---|---|---|---|---|---|---|
| Library of Congress Classification | Kabarak, Main Campus | Kabarak, Main Campus | 17/12/2015 | 1 | LB1028 .C36 | 012094 | 19/05/2017 | 28/04/2017 | 17/12/2015 | General Collection |